| 000 | 00668nam a22002057a 4500 | ||
|---|---|---|---|
| 999 |
_c14219 _d14219 |
||
| 003 | AR-CdUCM | ||
| 008 | 190422b ||||| |||| 00| 0 spa d | ||
| 020 | _a978-607-404-612-0 | ||
| 040 |
_aMUNICIPALIDAD PROVINCIAL DEL CUSCO _cBIBLIOTECA MUNICIPAL DEL CUSCO |
||
| 041 | _heng | ||
| 082 |
_aPI / 376.1 / _bP51 |
||
| 110 |
_aPhidal publisshing _932901 |
||
| 245 | _aEl libro de la selva / | ||
| 260 |
_aMéxico : _bDisney enterprises, _c2012. |
||
| 300 |
_a8 páginas ; _bIlustraciones, _c26 cm. _e4 rompecabezas |
||
| 650 |
_aCuento infantil _93319 |
||
| 700 |
_aPuente Montelongo, Elizabeth (traducción) _932822 |
||
| 942 |
_2ddc _cLIBROS |
||
| 945 |
_aacv _d2019-04-22 |
||